000 00872nam a22002297a 4500
003 DO-SdBNP
005 20211112132125.0
007 ta
008 211112b2012 pr ||||| |||| 00| 0 spa d
020 _a9786124059612
040 _aDO-SdBNP
_bspa
_cBNPHU
100 1 _aJofré, Manuel
_934505
245 1 0 _aJuan Bosch :
_bintelectual orgánico. De la ética del escritor a la ética del político /
_cManuel Jofré ; prólogo Roberto Reyes Tarazona.
260 _a Lima
_bUniversidad Ricardo Palma,
_beditorial universitaria,
_c2012.
300 _a141 p. ;
_c21 cm.
500 _aIncluye datos biográficos del autor en la solapa de la cubierta
500 _aIncluye referencias bibliográficas y notas al pie de las páginas
590 _aInventariado, 2021 /LP
700 1 _aReyes Tarazona, Roberto,
_eprólogo
_980610
910 _aLopérez
942 _2ddc
_cLBS1
999 _c50949
_d50949